Numbers in the Bible II Quiz Stats

 Plays Quiz not verified by Sporcle

Challenge
Share
Tweet
Embed
Score 0/20 Timer 04:00
0 Plays Today
% Correct
666
75.7%
12
73.9%
2
73%
40
72.2%
7
67%
3
66.1%
5,000
63.5%
930
61.7%
1,000
60.9%
5
53.9%
% Correct
144,000
53%
4
48.7%
600,000
47.8%
300
47%
70
40.9%
6
40%
120
38.3%
3,000
34.8%
1,260
26.1%
1,335
25.2%

You're not logged in!

Compare scores with friends on all Sporcle quizzes.
OR
Log In

You Might Also Like...

Show Comments

Extras

Top Quizzes Today


Score Distribution

Your Account Isn't Verified!

In order to create a playlist on Sporcle, you need to verify the email address you used during registration. Go to your Sporcle Settings to finish the process.

Report this User

Report this user for behavior that violates our Community Guidelines.

Details: